000 00573nam a2200217Ia 4500
003 OSt
005 20220916111036.0
006 a|||||r|||| 00| 0
007 ta
008 220915b |||||||| |||| 00| 0 eng d
024 _a127301
037 _cTextbook
040 _beng
_aARTS
_cARTS
041 _aeng
082 _aV687:1:N3, G5
100 _aBuck E
245 0 _aKenya revisited :Impressions of Kenya colony published by the States man April-July 1935
260 _c1935
942 _hV687:1:N3, G5
_cTB
_2CC
999 _c104309
_d104309